00274nam a2200109 a 4500001000500000005001700005008004100022050001800063100002000081245002600101260003700127414420140414131901.0090317s19uu xx 00 eng d aFICbC58 1981 aCleary, Beverly aRamona Quimby, age 8. aNew York :bScholastic ,c1981.